Каталог Виставки Українського Мистецтва (Запис № 439212)

МАРК-запис
000 -Лідер
fixed length control field 00799nam a22002297a 4500
003 - Ідентифікатор контрольного номера
control field UA-OsUOA
001 - Контрольний номер
control field 40707
007 - Фіксоване поле фізичного опису
fixed length control field ta
008 - Елементи даних фіксованої довжини – загальна інформація
fixed length control field 20080624b un ||||| |||| 00| 0 ukr d
090 ## - Локальний шифр розміщення
Класифікаційний індекс УДК 7(477):017
Авторський знак (НП) К29
040 ## - Джерело каталогізації
Агенція оригінальної каталогізації UA-OsUOA
Мова каталогізації ukr
Агенція, яка здійснювала перезапис UA-OsUOA
Агенція, яка здійснювала модифікацію UA-OsUOA
041 ## - Код мови
Код мови тексту/ звукової доріжки чи окремого заголовка (П) ukr
080 ## - Індекс Універсальної десяткової класифікації
Індекс Універсальної десяткової класифікації (УДК) (НП) 7(477):017
245 ## - Відомості про назву
Назва (НП) Каталог Виставки Українського Мистецтва
Решта назви (НП) Перша зустріч українських мистців Америки й Канади з громадянством
260 ## - Публікація, розповсюдження і т.п. (Вихідні дані)
Місце публікації, розповсюдження і т.п. (П) Торонто
Ім’я/ наймення видавництва, розповсюджувача і т.п. (П) Мистецька Галерія
Дата публікації, розповсюдження і т.п. (П) 1954
246 31 - Інша форма назви
Назва (НП) Малярство, графіка, скульптура
300 ## - Фізичний опис
Обсяг 31 с.
650 #7 - Додаткове предметне введення – тематичний термін
Тематичний термін чи географічна назва, як елемент введення (НП) 7 Мистецтво. Ігри. Спорт.
Джерело заголовка чи терміна UDC
942 ## - Додаткові елементи входу (Коха)
Тип елемента Koha Брошура
955 ## - Код типу видання за змістом
Код типу видання за змістом (НП) Наукові видання

Немає доступних примірників.